| 000 | 00479nam a2200169 a 4500 | ||
|---|---|---|---|
| 001 | 3825 | ||
| 003 | CDMR | ||
| 005 | 20130319185719.0 | ||
| 008 | 130130s1995||||||||||||||||||||||||||||d | ||
| 020 | _a8430926208 | ||
| 040 |
_aCDMR _bcat _cCDMR |
||
| 245 | 0 | 0 |
_aÉticas de la información y deontologías del periodismo _cEnrique Bonete Perales, coordinador |
| 260 |
_aMadrid _c1995 _bTecnos |
||
| 490 | 0 | _aVentana abierta | |
| 700 | 1 |
_92703 _aBonete Perales, Enrique |
|
| 942 |
_cMON _2udc |
||
| 999 |
_c3825 _d3825 |
||